| 000 | 00647nam a22002057a 4500 | ||
|---|---|---|---|
| 999 |
_c14371 _d14371 |
||
| 003 | AR-CdUCM | ||
| 008 | 190423b ||||| |||| 00| 0 spa d | ||
| 040 |
_aMUNICIPALIDAD PROVINCIAL DEL CUSCO _cBIBLIOTECA MUNICIPAL DEL CUSCO |
||
| 082 |
_aPI / 179 / _bA65 |
||
| 100 |
_aAráoz V., Arelí _933120 |
||
| 245 | _aBuscando llaves perdidas / | ||
| 260 |
_aCusco : _bCodeni, _c2005. |
||
| 300 |
_a35 páginas ; _bIlustraciones, _c21 cm. |
||
| 650 |
_aLiteratura infantil _9588 |
||
| 650 |
_aCuentos infantiles _93927 |
||
| 700 |
_aArriaga H., Yeny _933121 |
||
| 700 |
_aIturbe H., Sonia S. _933122 |
||
| 942 |
_2ddc _cLIBROS |
||
| 945 |
_aacv _d2019-04-23 |
||